<?xml version="1.0" encoding="UTF-8"?>
<record
    xmlns:xsi="http://www.w3.org/2001/XMLSchema-instance"
    xsi:schemaLocation="http://www.loc.gov/MARC21/slim http://www.loc.gov/standards/marcxml/schema/MARC21slim.xsd"
    xmlns="http://www.loc.gov/MARC21/slim">

  <leader>02480nam a2200313uu 4500</leader>
  <controlfield tag="001">1460716</controlfield>
  <controlfield tag="005">20260508090959.0</controlfield>
  <controlfield tag="007">co|||||||</controlfield>
  <controlfield tag="008">170220s2017                        spa  </controlfield>
  <datafield tag="035" ind1=" " ind2=" ">
    <subfield code="a">1460716</subfield>
  </datafield>
  <datafield tag="040" ind1=" " ind2=" ">
    <subfield code="c">comduadb</subfield>
  </datafield>
  <datafield tag="041" ind1=" " ind2=" ">
    <subfield code="a">spa</subfield>
  </datafield>
  <datafield tag="082" ind1=" " ind2="4">
    <subfield code="a">305</subfield>
  </datafield>
  <datafield tag="100" ind1="1" ind2="0">
    <subfield code="a">Cuartas Echeverry, Luisa Fernanda</subfield>
    <subfield code="4">aut</subfield>
    <subfield code="e">aut</subfield>
    <subfield code="9">744757</subfield>
  </datafield>
  <datafield tag="245" ind1="1" ind2="0">
    <subfield code="a">Masculinidades fluidas : relatos de un ni&#xF1;o, un joven y un adulto en torno a su masculinidad</subfield>
  </datafield>
  <datafield tag="260" ind1=" " ind2=" ">
    <subfield code="a">Medell&#xED;n :</subfield>
    <subfield code="b">Autor(a),</subfield>
    <subfield code="c">2017.</subfield>
  </datafield>
  <datafield tag="300" ind1=" " ind2=" ">
    <subfield code="a">1 CD-ROM</subfield>
  </datafield>
  <datafield tag="520" ind1="3" ind2=" ">
    <subfield code="a">"La naturalizaci&#xF3;n del patriarcado y de un modelo hegem&#xF3;nico de masculinidad establecido en la sociedad occidental, no s&#xF3;lo hacen que las mujeres sean tratadas y se sientan inferiores en diferentes aspectos de sus vidas, sino que tambi&#xE9;n influye significativamente en la formaci&#xF3;n o no de masculinidades fluidas y anti-hegem&#xF3;nicas. El g&#xE9;nero es relacional, hay tantas formas de ejercer la masculinidad como hombres en el mundo, las identidades de las personas son el resultado de la influencia tanto del entorno como de los medios de comunicaci&#xF3;n y se reconstruyen, son diferentes con el pasar del tiempo y el espacio. Ante la pregunta por los elementos masculinos en las narrativas de un ni&#xF1;o, un joven y un adulto de estrato tres del &#xE1;rea metropolitana de Antioquia en torno a la construcci&#xF3;n de su masculinidad, se hace el presente trabajo de grado con el objetivo general de identificar dichos elementos. 
Usando la teor&#xED;a del interaccionismo simb&#xF3;lico como base te&#xF3;rica y metodol&#xF3;gica, esta investigaci&#xF3;n se llev&#xF3; a cabo desde un paradigma y un enfoque interpretativos. A partir de entrevistas en profundidad y diarios de campo como t&#xE9;cnicas de recolecci&#xF3;n de informaci&#xF3;n, el proceso se centr&#xF3; en rastrear elementos identitarios en torno a la masculinidad de los tres sujetos de estudio con el fin de contrastarlos entre s&#xED;, para demostrar que no existe una &#xFA;nica forma de ser hombre y que la masculinidad, tal como la identidad, no es fija y cambia a lo largo de la vida."</subfield>
  </datafield>
  <datafield tag="650" ind1=" " ind2="7">
    <subfield code="a">Masculinidad</subfield>
    <subfield code="2">lemb</subfield>
    <subfield code="9">65266</subfield>
  </datafield>
  <datafield tag="650" ind1=" " ind2="0">
    <subfield code="a">Hombres</subfield>
    <subfield code="x">Identidad</subfield>
    <subfield code="9">124</subfield>
  </datafield>
  <datafield tag="650" ind1=" " ind2="7">
    <subfield code="a">Medios de comunicaci&#xF3;n de masas</subfield>
    <subfield code="x">Influencia</subfield>
    <subfield code="2">lemb</subfield>
    <subfield code="9">107254</subfield>
  </datafield>
  <datafield tag="650" ind1=" " ind2="7">
    <subfield code="a">Identidad de g&#xE9;nero</subfield>
    <subfield code="2">armarc</subfield>
    <subfield code="9">14921</subfield>
  </datafield>
  <datafield tag="650" ind1=" " ind2="7">
    <subfield code="a">Roles sexuales</subfield>
    <subfield code="2">lemb</subfield>
    <subfield code="9">67205</subfield>
  </datafield>
  <datafield tag="700" ind1="1" ind2="0">
    <subfield code="a">Franco Mesa, Ana Luc&#xED;a</subfield>
    <subfield code="4">ths</subfield>
    <subfield code="e">ths</subfield>
    <subfield code="9">758580</subfield>
  </datafield>
  <datafield tag="700" ind1="1" ind2="0">
    <subfield code="a">Tamayo Arango, Alba Shirley</subfield>
    <subfield code="4">ths</subfield>
    <subfield code="e">ths</subfield>
    <subfield code="9">361789</subfield>
  </datafield>
  <datafield tag="942" ind1=" " ind2=" ">
    <subfield code="c">TESIS</subfield>
  </datafield>
  <datafield tag="999" ind1=" " ind2=" ">
    <subfield code="c">752686</subfield>
    <subfield code="d">752686</subfield>
  </datafield>
  <datafield tag="502" ind1=" " ind2=" ">
    <subfield code="b">119</subfield>
    <subfield code="c">13</subfield>
  </datafield>
  <datafield tag="526" ind1=" " ind2=" ">
    <subfield code="a">120</subfield>
  </datafield>
  <datafield tag="952" ind1=" " ind2=" ">
    <subfield code="0">0</subfield>
    <subfield code="1">0</subfield>
    <subfield code="4">0</subfield>
    <subfield code="7">0</subfield>
    <subfield code="8">TESDIGBC</subfield>
    <subfield code="a">BC</subfield>
    <subfield code="b">BC</subfield>
    <subfield code="d">2017-02-20</subfield>
    <subfield code="e">Material adquirido por donaci&#xF3;n</subfield>
    <subfield code="i">C1258451</subfield>
    <subfield code="l">0</subfield>
    <subfield code="o">305.31 C961 CD-ROM</subfield>
    <subfield code="p">1020556</subfield>
    <subfield code="r">2023-05-03 00:00:00</subfield>
    <subfield code="t">1</subfield>
    <subfield code="w">2023-05-03</subfield>
    <subfield code="y">DIGITAL</subfield>
  </datafield>
</record>
